Évszázadok nyomai

Bibliographic Details
Main Author: (n) (Author)
Format: Article
Language:Hungarian
PhysicalDescription:Fotografie
ISSN:1339-3707
Subjects:

MARC

LEADER 00000nab a2200000 4500
001 vtls011915420
003 SK-MaSNL
005 20260318123728.0
008 200205|2020 xo |||| || ||00 0|hun
015 |a SNBRB2020/02 
040 |a DSZK  |b slo  |c DSZK  |e rda 
041 |a hun 
043 |a e-xo--- 
044 |a xo  |c SK 
072 7 |a 373.5/.6  |x Stredné školy  |2 konspekt 
072 7 |a 911  |x Všeobecná geografia. Systematická geografia  |2 konspekt 
080 |a 373.5(=511.141)(437.612)  |2 2011 
080 |a 911.375(091)(437.612)  |2 2011 
100 1 |a (n)  |4 aut  |9 858975 
245 1 0 |a Évszázadok nyomai  |c [szerző] (n) 
300 |b Fotografie 
336 |a text  |b txt  |2 rdacontent 
337 |a bez média  |b n  |2 rdamedia 
338 |a zväzok  |b nc  |2 rdacarrier 
546 |a Dvojjazyčné vydanie 
610 2 7 |a Občianske združenie Mártona Bíróa  |2 dszk  |9 1317529 
610 2 7 |a Gymnázium Ármina Vámbéryho s vyučovacím jazykom maďarským (Dunajská Streda, Slovensko)  |2 dszk  |9 849883 
650 0 7 |a dejiny miest  |2 SNKPH  |9 164833 
650 0 7 |a výstavy  |2 SNKPH  |9 2780 
651 7 |a Dunajská Streda (Slovensko)  |2 SNKPHgeo  |9 17375 
773 0 |t Dunaszerdahelyi hírnök = Dunajskostredský hlásnik  |g Évf. 28, sz. 1 (2020), o. 9  |x 1339-3707 
852 |a DSZK  |b KIS3GCP 
958 |a SK 
958 |a HU 
958 |a RG 
999 |c 2653799  |d 2655729